Online
Catalog

Enciclopedia temática ilustrada / (Record no. 10583)

MARC details
000 -CABECERA
campo de control de longitud fija 01493nam a2200349 i 4500
001 - NÚMERO DE CONTROL
campo de control 000010834
003 - IDENTIFICADOR DEL NÚMERO DE CONTROL
campo de control DO-SdBNP
005 - FECHA Y HORA DE LA ÚLTIMA TRANSACCIÓN
campo de control 20240809115023.0
006 - CÓDIGOS DE INFORMACIÓN DE LONGITUD FIJA--CARACTERÍSTICAS DEL MATERIAL ADICIONAL
campo de control de longitud fija a||||gr|||| 00| 0
007 - CAMPO FIJO DE DESCRIPCIÓN FÍSICA--INFORMACIÓN GENERAL
campo de control de longitud fija ta
008 - DATOS DE LONGITUD FIJA--INFORMACIÓN GENERAL
campo de control de longitud fija 091012e2003 ag abcd e 000 0 spa d
020 ## - NÚMERO INTERNACIONAL ESTÁNDAR DEL LIBRO
Número Internacional Estándar del Libro 9974773571
040 ## - FUENTE DE LA CATALOGACIÓN
Centro catalogador/agencia de origen DO-SdBNP
Lengua de catalogación spa
Centro/agencia transcriptor BNPHU
Normas de descripción rda
082 #4 - NÚMERO DE LA CLASIFICACIÓN DECIMAL DEWEY
Número de clasificación 036
Número de documento/Ítem E56t
Número de edición 22
245 00 - MENCIÓN DE TÍTULO
Título Enciclopedia temática ilustrada /
Mención de responsabilidad, etc. Coordinación, Luis Alberto Rubio, Sergio Martín Caruso, José Oscar Garay, Ulises Darío Parente.
246 14 - FORMA VARIANTE DE TÍTULO
Título propio/Titulo breve Enciclopedia manual temática ilustrada.
264 #1 - PRODUCCIÓN, PUBLICACIÓN, DISTRIBUCIÓN, FABRICACIÓN Y COPYRIGHT
Producción, publicación, distribución, fabricación y copyright Buenos Aires, Argentina :
Nombre del de productor, editor, distribuidor, fabricante Cultural Librera Dominicana,
-- Arquetipo Grupo Editorial,
Fecha de producción, publicación, distribución, fabricación o copyright 2003
300 ## - DESCRIPCIÓN FÍSICA
Extensión 1088 páginas :
Otras características físicas ilustraciones, mapas, retratos y gráficas ;
Dimensiones 23 cm.
336 ## - TIPO DE CONTENIDO
Fuente rdacontent
Término de tipo de contenido texto
Código de tipo de contenido txt
337 ## - TIPO DE MEDIO
Fuente rdamedia
Nombre/término del tipo de medio sin mediación
Código del tipo de medio n
338 ## - TIPO DE SOPORTE
Fuente rdacarrier
Nombre/término del tipo de soporte volumen
Código del tipo de soporte nc
490 0# - MENCIÓN DE SERIE
Mención de serie Famiclub Clasa
505 0# - NOTA DE CONTENIDO CON FORMATO
Nota de contenido con formato ¿Como estudiar mejor? -- Biología-Ecología -- Cuerpo humano -- Salud e higiene -- Gramática -- Inglés básico -- Matemática -- Física-Química -- Tecnología -- Compatación -- Astronomía --
590 ## - NOTA LOCAL (RLIN)
Nota local Inventariado 2024 / MF
650 #0 - PUNTO DE ACCESO ADICIONAL DE MATERIA--TÉRMINO DE MATERIA
Término de materia o nombre geográfico como elemento de entrada Enciclopedias y diccionarios
9 (RLIN) 2045
700 12 - PUNTO DE ACCESO ADICIONAL--NOMBRE DE PERSONA
Nombre de persona Rubio, Luis Alberto,
Término indicativo de función/relación coordinador
9 (RLIN) 86187
700 12 - PUNTO DE ACCESO ADICIONAL--NOMBRE DE PERSONA
Nombre de persona Caruso, Sergio Martín,
Término indicativo de función/relación coordinador
9 (RLIN) 86188
700 12 - PUNTO DE ACCESO ADICIONAL--NOMBRE DE PERSONA
Nombre de persona Garay, José Oscar,
Término indicativo de función/relación coordinador
9 (RLIN) 86189
700 12 - PUNTO DE ACCESO ADICIONAL--NOMBRE DE PERSONA
Nombre de persona Parente, Ulises Darío,
Término indicativo de función/relación coordinador
9 (RLIN) 86190
910 ## - DATOS DE OPCIÓN DEL USUARIO (OCLC)
Datos de opción del usuario Validado.Control de calidad/MAA
942 ## - ELEMENTOS DE PUNTO DE ACCESO ADICIONAL (KOHA)
Fuente del sistema de clasificación o colocación Dewey Decimal Classification
Tipo de ítem Koha Libro
Holdings
Estado de retiro Estado de pérdida Fuente del sistema de clasificación o colocación Restricciones de uso No para préstamo Código de colección Localización permanente Ubicación/localización actual Ubicación en estantería Fecha de adquisición Fuente de adquisición Total de préstamos Signatura topográfica completa Código de barras Fecha visto por última vez Precio válido a partir de Tipo de ítem Koha
    Dewey Decimal Classification Préstamo en sala   Referencia General Biblioteca Nacional Pedro Henríquez Ureña Biblioteca Nacional Pedro Henríquez Ureña Depósito 12.10.2009 Compra   BNPHU R-GR 036 E56t 10834-10 25.06.2020 25.06.2020 Libro

Powered by Koha